Poradnik dla mechaników /
Guardat en:
| Autor principal: | |
|---|---|
| Autor corporatiu: | |
| Format: | Llibre |
| Idioma: | polonès |
| Publicat: |
Warszawa :
Wydawnictwa Szkolne i Pedagogiczne,
1975
|
| Edició: | Wyd. 14 popr. |
| Matèries: | |
| Etiquetes: |
Sense etiquetes, Sigues el primer a etiquetar aquest registre!
|
MARC
| LEADER | 00000nam a2200000 i 4500 | ||
|---|---|---|---|
| 001 | 991023025499705066 | ||
| 005 | 20260515140228.0 | ||
| 008 | 040407s1975 pl a |000 0 pol | ||
| 035 | |a 991023025499705066 | ||
| 035 | |a (PL-WaBN)b16208389-48omnis_nlop | ||
| 035 | |a b16208389 | ||
| 035 | |a (OCoLC)830561747 | ||
| 035 | |a zz2004983056 | ||
| 035 | |a (PL)b0000001620838 | ||
| 035 | |a (EXLNZ-48OMNIS_NETWORK)9910411085905606 | ||
| 040 | |a WA N |c WA N | ||
| 041 | 0 | |a pol | |
| 080 | |a 621+669](075) | ||
| 090 | |c 120 |d 119 | ||
| 100 | 1 | |a Godlewski, Michał | |
| 245 | 1 | 0 | |a Poradnik dla mechaników / |c Michał Godlewski. |
| 250 | |a Wyd. 14 popr. | ||
| 260 | |a Warszawa : |b Wydawnictwa Szkolne i Pedagogiczne, |c 1975 |f (Druk. im. Rewol. Paźdz.). | ||
| 300 | |a 365, [2] s. : |b il., tab., wykr. ; |c 24 cm. | ||
| 650 | 7 | |a Konstrukcje maszyn i urządzeń | |
| 650 | 7 | |a Obróbka metali | |
| 710 | 2 | |a Wydawnictwa Szkolne i Pedagogiczne | |
| 942 | |c K | ||
| 952 | |0 0 |1 0 |4 0 |6 R__98_000000000000000 |7 0 |9 112 |a RYT |b RYT |d 2026-05-13 |e 1/2014 |g 10.00 |l 0 |o R.98 |p 2000000000985 |r 2026-05-15 14:02:28 |w 2026-05-15 |y BK |z da | ||
| 999 | |c 112 |d 112 | ||